Michelangelo /
A legend within his own lifetime, Michelangelo has been almost universally admired in the centuries since his death. Anthony Hughes employs the latest evidence from research and restoration projects to take a fresh look at what Michelangelo was and what he has become. The book sets the artist firmly...
| Main Author: | |
|---|---|
| Format: | Kit |
| Language: | Spanish English |
| Published: |
London:
Phaidon Press,
2010.
|
| Edition: | Primera edición / |
| Series: | Art&Ideas
|
| Subjects: |
MARC
| LEADER | 00000cac a2200000 i 4500 | ||
|---|---|---|---|
| 001 | 12463144 | ||
| 003 | Ucuenca | ||
| 005 | 20230511114228.0 | ||
| 006 | a||||fr|||| 001 | | ||
| 007 | ta | ||
| 008 | 170206t20101997enkaaaafr|||| 001 | spa a | ||
| 020 | |a 978-0-7148-3483-2 | ||
| 040 | |b spa |a UCuenca-cdrjbv |c UCuenca |e rda | ||
| 041 | 0 | |a eng | |
| 082 | 0 | |2 22 |a 709.2 |c 12463144 | |
| 100 | 1 | |a Hughes, Anthony. |9 188606 |e autor | |
| 245 | 1 | 0 | |a Michelangelo / |c Anthony Hughes. |
| 250 | |a Primera edición / |b reimpresión. | ||
| 264 | 1 | |a London: |b Phaidon Press, |c 2010. | |
| 264 | 4 | |c ©1997 | |
| 300 | |a 351 páginas: |b ilu |c 22 cm | ||
| 336 | |2 rdacontent |a texto |b txt | ||
| 337 | |2 rdamedia |a no mediado |b n | ||
| 338 | |2 rdacarrier |a volumen |b nc | ||
| 490 | 0 | |a Art&Ideas | |
| 500 | |3 Libro digitalizado | ||
| 504 | |a incl. ref. | ||
| 520 | 3 | |a A legend within his own lifetime, Michelangelo has been almost universally admired in the centuries since his death. Anthony Hughes employs the latest evidence from research and restoration projects to take a fresh look at what Michelangelo was and what he has become. The book sets the artist firmly within the political and social world he inhabited, offering a full account of his creative endeavours in sculpture, drawing, painting, architecture and poetry | |
| 650 | 1 | 7 | |a Artes |9 17216 |
| 650 | 1 | 7 | |a Pinturas |9 1868 |
| 650 | 1 | 7 | |a Esculturas |9 1867 |
| 650 | 1 | 7 | |a Obras |9 74535 |
| 942 | |c CR |2 ddc |r bladimir.cabrerar@ucuenca.edu.ec | ||
| 999 | |c 150212 |d 150212 | ||